=LDR 00000nam 2200000 4500 =001 INLIS000000000009668 =005 20231214081553 =035 ##$$a 0010-061300000009668 =008 231214###########################0###### =041 ##$$a Ind =082 ##$$a 155.9 =090 ##$$a 155.4, Mul m =100 ##$$a Sarwono, Sarlito Wirawan =245 1#$$a Psikologi Lingkungan, Sarlito Wirawan Sarwono =260 ##$$a 1995 :$b Jakarta =300 ##$$a 151 hlm, ilus, 20 cm =650 #4$$a Spikologi Lingkungan =850 ##$$a NBPNMAT =084 ##$$a 155.9 SAR p =990 ##$$a DW00025803